[Event "3.RSCO"]
[Site "Rostock"]
[Date "2004.??.??"]
[Round "9"]
[White "Star Diamond, Novag"]
[Black "London 32 Bit, Mephisto"]
[Result "1-0"]
[WhiteElo "2161"]
[BlackElo "2227"]
[Annotator "Völschow,Michael"]
[PlyCount "69"]
[EventDate "2003.??.??"]
[EventRounds "10"]
[EventCountry "GER"]
[SourceDate "2003.03.19"]

1. d4 Nf6 2. c4 e6 3. Nf3 d5 4. Nc3 c6 5. e3 Bd6 6. Bd3 Nbd7 7. e4 dxe4 8. Nxe4
Nxe4 9. Bxe4 O-O 10. O-O h6 11. Bc2 e5 12. b4 Bxb4 13. dxe5 {*} Nc5 14. Be3 Qa5
$2 (14... Qe7 15. a3 Rd8 16. Qxd8+ Qxd8 17. axb4 Na6 18. b5) 15. a3 Bc3 16.
Bxc5 Rd8 17. Bd6 {+2,61} Bxa1 18. Qd3 g6 19. Rxa1 Bf5 20. Qb3 Bxc2 21. Qxc2
Rac8 22. Rd1 Kh7 23. Rd3 Re8 24. Qb2 Qa6 25. e6 Qxc4 26. Ng5+ Kg8 (26... hxg5
$4 27. Rh3+ Kg8 28. Qh8#) 27. Nxf7 Qxe6 28. Nxh6+ (28. Qh8+ Kxf7 29. Qh7+ Kf6
30. Rf3+ Qf5 31. Rxf5+ Kxf5 32. Qf7+ Ke4 33. Qxg6+ Kd5 34. f3) 28... Kh7 29.
Qxb7+ Kxh6 30. Rh3+ Kg5 31. f4+ Kf5 {-5,15} 32. g4+ Kxg4 33. Rg3+ Kf5 34. Rg5+
Kf6 35. Be5+ 1-0

[Event "3.RSCO"]
[Site "Rostock"]
[Date "2004.??.??"]
[Round "10"]
[White "London 32 Bit, Mephisto"]
[Black "Star Diamond, Novag"]
[Result "1-0"]
[WhiteElo "2227"]
[BlackElo "2161"]
[Annotator "Völschow,Michael"]
[PlyCount "85"]
[EventDate "2003.??.??"]
[EventRounds "10"]
[EventCountry "GER"]
[SourceDate "2003.03.19"]

1. d4 d5 2. c4 dxc4 3. Nf3 Nf6 4. e3 Bg4 5. Bxc4 e6 6. h3 Bh5 7. Nc3 Nbd7 8. g4
Bg6 9. Nh4 Be4 10. Nxe4 {*} Nxe4 {*} 11. Nf3 Nb6 12. Bd3 Bb4+ 13. Ke2 Qd5 14.
Rg1 O-O-O 15. Qc2 Ng5 16. Nxg5 Qxg5 17. a4 Qa5 18. b3 h5 19. g5 Rd6 20. Bb2 Rc6
21. Qd1 Nd5 22. Kf1 Bc3 23. Bxc3 Rxc3 24. Rc1 g6 25. Rxc3 Qxc3 26. Qc2 Qxc2 27.
Bxc2 Kd7 28. Be4 Nc3 29. Bf3 Kd6 30. Kg2 c5 31. Rc1 cxd4 32. exd4 Nd5 33. Bxd5
exd5 34. Rc3 Rd8 35. Kg3 Re8 36. Rf3 Re7 37. Rf6+ Kd7 38. f3 Ke8 39. Kf4 Re6
40. Rxe6+ $4 {Ohne Worte!} fxe6 41. Ke5 Ke7 42. b4 Kf7 43. Kd6 1-0

[Event "3.RSCO"]
[Site "Rostock"]
[Date "2004.??.??"]
[Round "1"]
[White "Montreux, Mephisto"]
[Black "Berlin Pro, Mephisto"]
[Result "0-1"]
[WhiteElo "2254"]
[BlackElo "2254"]
[Annotator "Völschow,Michael"]
[PlyCount "56"]
[EventDate "2003.??.??"]
[EventRounds "10"]
[EventCountry "GER"]
[SourceDate "2003.03.19"]

1. e4 e5 2. f4 exf4 3. Nf3 d6 4. Bc4 Be6 5. Bxe6 fxe6 6. d4 Qf6 {*} 7. e5 {*}
Qf5 8. O-O g5 9. exd6 Bxd6 10. Qe2 Nc6 11. c3 O-O-O 12. Re1 Re8 13. b4 g4 14.
Nfd2 f3 15. gxf3 g3 16. b5 gxh2+ 17. Kh1 Nd8 18. Ne4 Nf6 19. Nbd2 Reg8 20. Nxf6
$2 (20. Nxd6+) 20... Qxf6 21. Ne4 Qh4 {+2,09} 22. Nf2 Bg3 23. Be3 Bxf2 24. Bxf2
Rg1+ 25. Bxg1 hxg1=Q+ 26. Kxg1 Rg8+ 27. Qg2 (27. Kf1 Qh1+ 28. Kf2 Rg2+ 29. Ke3
Rxe2+ 30. Kxe2 Qg2+ 31. Ke3) 27... Rxg2+ 28. Kxg2 Qg5+ 0-1

[Event "3.RSCO"]
[Site "Rostock"]
[Date "2004.??.??"]
[Round "2"]
[White "Berlin Pro, Mephisto"]
[Black "Montreux, Mephisto"]
[Result "1/2-1/2"]
[WhiteElo "2254"]
[BlackElo "2254"]
[Annotator "Völschow,Michael"]
[PlyCount "84"]
[EventDate "2003.??.??"]
[EventRounds "10"]
[EventCountry "GER"]
[SourceDate "2003.03.19"]

1. d4 d5 2. c4 Nc6 3. Nc3 dxc4 4. d5 Ne5 5. Qd4 {*} f6 6. f4 Nf7 7. Qxc4 f5 {*}
8. Qb5+ Qd7 9. Nf3 Nf6 10. e3 Nd6 11. Qb3 e6 12. Ne5 Qe7 13. Bb5+ Kd8 14. O-O
exd5 15. Nxd5 Nxd5 16. Qxd5 Be6 17. Qd4 g6 18. Rd1 Kc8 19. Be2 Bg7 20. Bd2 Ne4
21. Ba5 c5 22. Qd3 Bxe5 23. fxe5 b6 24. Bc3 Kc7 25. Bf3 Rhd8 26. Qe2 Bd5 27.
Bxe4 Bxe4 28. a4 Qe6 29. a5 Rxd1+ 30. Rxd1 Rd8 31. Rxd8 Kxd8 32. Qa6 Qe7 33.
Qc4 Qd7 34. Qg8+ Kc7 35. e6 Qd1+ 36. Kf2 Qc2+ 37. Ke1 Qxg2 38. Qf7+ Kb8 39.
Be5+ Ka8 40. Qe8+ Kb7 41. a6+ Kxa6 42. Qa4+ Kb7 1/2-1/2

[Event "3.RSCO"]
[Site "Rostock"]
[Date "2004.??.??"]
[Round "3"]
[White "Montreux, Mephisto"]
[Black "Berlin Pro, Mephisto"]
[Result "0-1"]
[WhiteElo "2254"]
[BlackElo "2254"]
[Annotator "Völschow,Michael"]
[PlyCount "66"]
[EventDate "2003.??.??"]
[EventRounds "10"]
[EventCountry "GER"]
[SourceDate "2003.03.19"]

1. d4 Nf6 2. c4 g6 3. Nc3 Bg7 4. e4 d6 5. f4 O-O 6. Be2 c5 7. Nf3 cxd4 8. Nxd4
Nc6 {*} 9. Be3 {*} Qd7 10. Nxc6 Qxc6 11. Nd5 Re8 12. e5 $2 {Verliert Material.}
(12. Bf3 Nxd5 13. cxd5 Qb5 14. Qd2) 12... dxe5 13. fxe5 Nxd5 14. cxd5 Qc7 15.
Bf4 Bxe5 16. Qa4 Rd8 17. Rf1 Bxf4 18. Rxf4 Qe5 19. Rd1 Qxb2 20. Kf1 Bf5 21. Rb4
Qc3 22. Rxb7 Bc2 {+2,63} 23. Qd4 Qc8 24. Rxe7 Qf5+ 25. Bf3 Bxd1 26. Qxd1 Rab8
27. Re1 Rb2 28. Qa4 Rxd5 29. Qxa7 Rdd2 30. a4 $2 (30. h3 Rxa2 31. Qb8+ Kg7 32.
Qg3 Rxg2 33. Qxg2 Rxg2 34. Kxg2 Qg5+ 35. Kh2 h5 $19) 30... Qd3+ {+5,63} 31. Kg1
Rb1 32. Qe7 Qd4+ 33. Kh1 Qa1 0-1

[Event "3.RSCO"]
[Site "Rostock"]
[Date "2004.??.??"]
[Round "4"]
[White "Berlin Pro, Mephisto"]
[Black "Montreux, Mephisto"]
[Result "0-1"]
[WhiteElo "2254"]
[BlackElo "2254"]
[Annotator "Völschow,Michael"]
[PlyCount "74"]
[EventDate "2003.??.??"]
[EventRounds "10"]
[EventCountry "GER"]
[SourceDate "2003.03.19"]

1. c4 Nf6 2. Nc3 e6 3. Nf3 Bb4 4. Qc2 O-O 5. a3 Bxc3 6. Qxc3 b6 {*} 7. g3 {*}
d5 8. Bg2 dxc4 9. Ne5 Nd5 10. Qxc4 c5 11. b4 f6 12. Nd3 Ba6 13. Qe4 Qe7 14. Nf4
Nxf4 15. Qxa8 $6 (15. gxf4 Nd7 16. b5 Bxb5 17. Rb1 Ba6 18. Qa4 Bxe2 19. Bxa8
Bd3 20. Be4 $16) 15... Nxe2 16. Bb2 Rd8 17. Qe4 Nd4 18. Bc3 $2 (18. Bxd4) 18...
Bc4 19. f3 Nbc6 20. Bxd4 Nxd4 21. Rc1 Bb5 22. bxc5 Nb3 23. Rc3 Nxc5 24. Qe3
Nd3+ 25. Kd1 Nb2+ 26. Kc1 Nc4 27. Qe4 Nxd2 28. Qb4 Qd7 29. Bh3 f5 30. Kb2 a5
31. Qf4 Bc4 32. Ka1 b5 33. Qe3 b4 {+3,36} 34. Rc2 Nb3+ (34... Qa4 35. Rb2 Rd3)
35. Kb1 Bd3 36. Kb2 {-4,15} Bxc2 37. Kxc2 Nd2 {+9,99} 0-1

[Event "3.RSCO"]
[Site "Rostock"]
[Date "2004.??.??"]
[Round "5"]
[White "Montreux, Mephisto"]
[Black "Berlin Pro, Mephisto"]
[Result "1/2-1/2"]
[WhiteElo "2254"]
[BlackElo "2254"]
[Annotator "Völschow,Michael"]
[PlyCount "119"]
[EventDate "2003.??.??"]
[EventRounds "10"]
[EventCountry "GER"]
[SourceDate "2003.03.19"]

1. e4 e5 2. Nf3 Nc6 3. d4 exd4 4. Nxd4 Bc5 5. Nb3 Bb6 6. a4 a6 7. Nc3 {*} d6 8.
Nd5 Ba7 9. Bg5 f6 10. Be3 Bxe3 11. Nxe3 Be6 12. Bc4 Bxc4 13. Nxc4 Nge7 14. Qh5+
Ng6 15. O-O Nce5 16. Ne3 O-O 17. f4 Nc6 18. Qd5+ Kh8 19. Rad1 Qb8 20. Nd4 Qa7
21. c3 Rae8 22. Nef5 Nge7 23. Nxe7 Rxe7 24. a5 Rfe8 25. Rfe1 h6 26. b4 Nd8 27.
Kh1 Ne6 28. Qf5 Qb8 29. Nxe6 Rxe6 30. c4 b6 31. Qd5 bxa5 32. bxa5 Qb4 33. Re3
Qa4 34. Rc1 c6 35. Qh5 c5 36. Qd5 Qxa5 37. Kg1 f5 38. Qxf5 Qd2 39. Rce1 Qd4 40.
Qd5 a5 41. g3 a4 42. e5 g5 43. Qxd4 cxd4 44. Ra3 gxf4 45. gxf4 dxe5 46. fxe5
Rxe5 47. Rxe5 Rxe5 48. Rxa4 Kg7 49. Ra7+ Kf6 50. Rd7 Rg5+ 51. Kf2 Ke5 52. Kf3
Rf5+ 53. Ke2 Rf4 54. Rd5+ Ke4 55. Rd8 Ke5 56. c5 Rh4 57. c6 Rxh2+ 58. Kd1 Rh1+
59. Kd2 Rh2+ 60. Kd1 1/2-1/2

[Event "3.RSCO"]
[Site "Rostock"]
[Date "2004.??.??"]
[Round "6"]
[White "Berlin Pro, Mephisto"]
[Black "Montreux, Mephisto"]
[Result "1/2-1/2"]
[WhiteElo "2254"]
[BlackElo "2254"]
[Annotator "Völschow,Michael"]
[PlyCount "138"]
[EventDate "2003.??.??"]
[EventRounds "10"]
[EventCountry "GER"]
[SourceDate "2003.03.19"]

1. e4 e5 2. Nf3 Nc6 3. Bb5 Nge7 4. O-O {*} Ng6 5. d4 exd4 6. Nxd4 Bc5 {*} 7.
Be3 Qf6 8. c3 a6 9. Ba4 Ba7 10. Nxc6 dxc6 11. Bxa7 Rxa7 12. Qd4 Qxd4 13. cxd4
O-O 14. Bb3 Rd8 15. Rd1 Nf4 16. Nc3 Be6 17. Bxe6 Nxe6 18. d5 cxd5 19. Nxd5 Raa8
20. f3 Re8 21. Rd2 Rad8 22. Rad1 f6 23. Kf2 c6 24. Ne3 Rxd2+ 25. Rxd2 Rd8 26.
Rxd8+ Nxd8 27. Kg3 Ne6 28. h4 Kf7 29. h5 b5 30. b4 c5 31. bxc5 Nxc5 32. Nc2 a5
33. Kf4 b4 34. Ke3 g6 35. Kd4 Ne6+ 36. Kc4 gxh5 37. g3 Ng5 38. Nd4 Ke7 39. Kb5
Kd6 40. Nf5+ Kd7 41. Kxa5 Nxf3 42. Kxb4 Ng5 43. Ng7 h4 44. gxh4 Nxe4 45. a4 Ng3
46. Kc5 f5 47. a5 Kc7 48. Kb5 Kb7 49. Ne6 Nh5 50. Nd8+ Ka7 51. Nc6+ Ka8 52. a6
Nf6 53. Kc5 f4 54. Kd4 Nd7 55. Ke4 Nc5+ 56. Kxf4 Nxa6 57. Kg5 Kb7 58. Nd4 Nc7
59. Ne2 Nd5 60. Kh6 Nf6 61. Kg7 Ng4 62. Kxh7 Kc6 63. Kg6 Kd6 64. Kg5 Ne5 65.
Kf6 Ng4+ 66. Kf5 Ne3+ 67. Kg5 Nd5 68. h5 Ke7 69. Nd4 Kf7 1/2-1/2

[Event "3.RSCO"]
[Site "Rostock"]
[Date "2004.??.??"]
[Round "7"]
[White "Montreux, Mephisto"]
[Black "Berlin Pro, Mephisto"]
[Result "0-1"]
[WhiteElo "2254"]
[BlackElo "2254"]
[Annotator "Völschow,Michael"]
[PlyCount "54"]
[EventDate "2003.??.??"]
[EventRounds "10"]
[EventCountry "GER"]
[SourceDate "2003.03.19"]

1. d4 d5 2. c4 c6 3. Nc3 Nf6 4. Nf3 dxc4 5. e4 b5 6. e5 Nd5 7. a4 e6 8. axb5
Nxc3 9. bxc3 cxb5 10. Ng5 Bb7 11. Qh5 g6 12. Qg4 Be7 13. Be2 Bd5 14. Bf3 h5 15.
Qg3 b4 16. Ne4 Nc6 {*} 17. O-O {*} h4 18. Qf4 h3 19. Bd2 (19. g3 a5 20. Ra4 g5
21. Qg4 Qd7) 19... hxg2 20. Rfe1 bxc3 21. Bxc3 Rb8 22. Bxg2 Rh4 23. Qg3 Rb3 24.
Nd2 $4 {-0,68 Ui, ein glatter Fehlgriff des Montreux. Der weiße Läufer auf g2
wird allein gelassen. Der Berlin läßt sich diese Chance nicht entgehen.} Rxc3 {
+3,39} 25. Qxc3 Bb4 26. Qc2 Bxd2 27. Qxd2 Rg4 0-1

[Event "3.RSCO"]
[Site "Rostock"]
[Date "2004.??.??"]
[Round "8"]
[White "Berlin Pro, Mephisto"]
[Black "Montreux, Mephisto"]
[Result "1/2-1/2"]
[WhiteElo "2254"]
[BlackElo "2254"]
[Annotator "Völschow,Michael"]
[PlyCount "81"]
[EventDate "2003.??.??"]
[EventRounds "10"]
[EventCountry "GER"]
[SourceDate "2003.03.19"]

1. e4 c5 2. Nf3 e6 3. d4 cxd4 4. Nxd4 Nf6 5. Nc3 Nc6 6. Ndb5 d6 7. Bf4 e5 8.
Bg5 a6 9. Na3 b5 10. Nd5 Be7 11. Bxf6 Bxf6 {*} 12. Nb1 O-O 13. a4 b4 14. Nd2
Bg5 15. Nf3 {*} Bb7 16. Be2 f5 17. O-O fxe4 18. Nxg5 Qxg5 19. Nc7 Nd4 20. Nxa8
Bxa8 21. g3 Rc8 22. h4 Qh6 23. c3 bxc3 24. bxc3 Rxc3 25. Rb1 Bc6 26. Bxa6 d5
27. Rb8+ Kf7 28. Rb6 Qg6 29. Bb7 Nf3+ 30. Kg2 Nxh4+ 31. Kh1 $4 (31. Kh2 Nf3+
32. Kg2 $11) 31... Nf3 (31... Rd3 $1 $19) 32. Kg2 Qe6 33. a5 Kg8 $2 (33... Qg4
34. Bxc6 Nh4+ 35. Kh2 Nf3+ 36. Kg2 $11) 34. Rh1 (34. Rxc6 Rxc6 35. Bxc6 Qxc6
36. a6 Nd4 37. Qh5 Nb5 38. Qxe5 Kf7 39. Ra1 $18) 34... h6 $2 (34... Qg4 35.
Rxc6 Nh4+ 36. Rxh4 Rxg3+ 37. fxg3 Qxd1 $11) 35. a6 $2 {+2,06} (35. Rxc6 $1 {
Einzigste Chance zum Gewinn.} Rxc6 36. a6 Qd7 37. Qa4 Nd4 38. a7 Qxb7 39. a8=Q+
) 35... Qg4 36. Rxc6 (36. Qa1 e3 37. Bxc6 Qe4 38. Rb8+ Kf7) 36... Nh4+ $1 {Und
der Montreux findet doch noch den Weg ins Remis.} 37. Rxh4 Rxg3+ 38. fxg3 Qxd1
39. Rc8+ Kf7 40. Rc7+ Kf6 {0,00} 41. Rc6+ {0,00} 1/2-1/2

[Event "3.RSCO"]
[Site "Rostock"]
[Date "2004.??.??"]
[Round "9"]
[White "Montreux, Mephisto"]
[Black "Berlin Pro, Mephisto"]
[Result "0-1"]
[WhiteElo "2254"]
[BlackElo "2254"]
[Annotator "Völschow,Michael"]
[PlyCount "86"]
[EventDate "2003.??.??"]
[EventRounds "10"]
[EventCountry "GER"]
[SourceDate "2003.03.19"]

1. e4 e5 2. Nf3 Nc6 3. Nc3 Nf6 4. d4 exd4 5. Nd5 Nxe4 6. Qe2 f5 7. Ng5 d3 8.
cxd3 Nd4 9. Qh5+ g6 10. Qh4 c6 11. dxe4 cxd5 12. exd5 Bg7 {*} 13. Kd1 h6 14.
Nf3 Nxf3 15. Qxd8+ Kxd8 16. gxf3 {*} Bd4 17. Bd3 Bxf2 18. Bf4 b6 19. Be5 Re8
20. Bf6+ Kc7 21. Rc1+ Kd6 22. Rc2 Be3 23. Re1 Bb7 24. Rce2 f4 25. Bxg6 Rec8 $2
{Hier auf Matt zu spielen ist lächerlich. Der Montreux nutzt seine Chance und
bekommt Gegenspiel.} (25... Bxd5 $19) 26. Rxe3 $1 {Das Läuferpaar und der
Freibauer sind für die gegebene Qualität Kompensation genug.} fxe3 27. Rxe3
Bxd5 28. Be5+ Kc6 29. Rc3+ Kb7 30. Rd3 Rc5 31. Bd6 Ra5 32. b4 $2 {Der Montreux
will zu viel und vernachlässigt die Sicherheit seiner Grundlinie.} (32. Bb4)
32... Rxa2 33. Rxd5 Rg8 34. Bg3 Rxg6 35. Rxd7+ {-2,98} Kc6 36. Rd4 Kb5 37. f4
Ra4 38. f5 Rf6 39. Rd5+ Kc4 40. Re5 Rxb4 41. Bh4 Kd3 42. Rd5+ Ke4 43. Bxf6 Kxd5
{+4,69} 0-1

[Event "3.RSCO"]
[Site "Rostock"]
[Date "2004.??.??"]
[Round "10"]
[White "Berlin Pro, Mephisto"]
[Black "Montreux, Mephisto"]
[Result "1/2-1/2"]
[WhiteElo "2254"]
[BlackElo "2254"]
[Annotator "Völschow,Michael"]
[PlyCount "69"]
[EventDate "2003.??.??"]
[EventRounds "10"]
[EventCountry "GER"]
[SourceDate "2003.03.19"]

1. e4 c5 2. Nf3 e6 3. d4 cxd4 4. Nxd4 Nf6 5. Nc3 Nc6 6. Nxc6 bxc6 7. e5 Nd5 8.
Ne4 Qc7 9. f4 {*} Qa5+ 10. c3 Qb6 11. Bd3 Ba6 12. Bxa6 Qxa6 13. Qg4 f5 14. exf6
Nxf6 15. Nxf6+ gxf6 16. f5 e5 17. Qh5+ Ke7 18. Qh4 d5 19. Be3 Qd3 20. Qf2 Rg8
21. Rd1 Qa6 22. b3 Kd7 23. Rd2 Be7 24. Qh4 Qa5 25. Rc2 Qa3 26. b4 Qa4 27. Rb2
a5 28. Qxh7 Qa3 29. Rc2 axb4 30. Bc5 {0,00} Rge8 31. Qf7 Qa4 32. Rb2 Qa3 33.
Rc2 Qa4 34. Rb2 Qa3 35. Rc2 1/2-1/2